| 000 | 02127nam a2200457 a 4500 | ||
|---|---|---|---|
| 999 |
_c17153 _d17153 |
||
| 003 | BLK | ||
| 005 | 20250127155012.0 | ||
| 008 | 180413b bul|||||r ||||||| ||bul|| | ||
| 010 | _aKNG00019075000 | ||
| 040 | _aBLK | ||
| 041 |
_aBUL _cBUL |
||
| 080 |
_aМузикални изпълнители (инструменталисти, певци), интерпретатори, диригенти _b78.071.2 _x(497.2)(092) _z78.071.2(497.2)(092) |
||
| 080 |
_aАлександър Димитров Попов. Български цигулар и диригент _b929 Попов, Саша _z929 Попов, Саша |
||
| 100 |
_aСагаев, Димитър Константинов _d1915-2003 _9261733 |
||
| 139 |
_aСагаев, Димитър Константинов _bП 76 |
||
| 245 | 1 | 0 |
_aСаша Попов и българският симфонизъм _bЗабравеният - незабравим _cДимитър Константинов Сагаев. |
| 257 | _aBGR | ||
| 260 |
_aСофия _bСъюз на бълг. музикални и танцови дейци _c2000 _fВраца : Полипринт |
||
| 300 |
_a176 с., 8 л. _bсн. _c20 см |
||
| 380 | _a7 | ||
| 600 | 1 | 4 |
_aПопов, Саша _9261734 |
| 650 | 4 |
_aМузикални изпълнители _9247442 |
|
| 650 | 4 |
_aСимфонична музика - България _9261735 |
|
| 650 | 4 |
_aДиригенти, български _9246357 |
|
| 650 | 7 |
_aОркестри, симфонични - България - история _2 _9165197 |
|
| 650 | 4 |
_aПопов, Саша _9261734 |
|
| 651 | 4 |
_aБългария _9241624 |
|
| 653 | _aСаша Попов | ||
| 653 | _aмузикални изпълнители | ||
| 653 | _aдиригенти | ||
| 653 | _aцигулари | ||
| 653 | _aсимфонична музика | ||
| 653 | _aБългария | ||
| 852 | _aЦб 206514 | ||
| 856 | 4 |
_qpdf _u _i0.00 _ldisable |
|
| 856 | 4 |
_qpdf _u _i0.00 _ldisable |
|
| 942 |
_cKNG _n0 _s1 _02 |
||
| 944 |
_aCR _c15.01.2003 _k30560 _lГеновева Генчева |
||
| 944 |
_aED _c2023-05-05 _kир |
||
| 999 | _d17153 | ||